书目信息 |
| 题名: |
医学卫生普及全书
|
|
| 作者: | ;上海第一医学院医学卫生普及全书编辑委员会 编著 | |
| 分册: | ||
| 出版信息: | 上海 上海科学技术出版社 1959 |
|
| 页数: | 1533,38页 | |
| 开本: | 19cm | |
| 丛书名: | ||
| 单 册: | ||
| 中图分类: | R-49 | |
| 科图分类: | ||
| 主题词: | 医学--普及读物 | |
| 电子资源: | ||
| ISBN: | ||
| 000 | 00771cam0 2200229 450 | |
| 001 | 0105454826 | |
| 005 | 20071123094922.0 | |
| 010 | @dCNY4.90 | |
| 091 | @a14119.871@b精装@dCNY4.90 | |
| 100 | @a19960614d1959 em y0chiy0110 ea | |
| 101 | 0 | @achi |
| 102 | @aCN@b310000 | |
| 105 | @af z 001yy | |
| 106 | @ar | |
| 200 | 1 | @a医学卫生普及全书@9Yi Xue Wei Sheng Pu Ji Quan Shu @b专著@f上海第一医学院医学卫生普及全书编辑委员会编著 |
| 210 | @a上海@c上海科学技术出版社@d1959 | |
| 215 | @a1533,38页@c图表@d19cm | |
| 606 | 0 | @a医学@x普及读物 |
| 690 | @aR-49@v3 | |
| 711 | 02 | @a上海第一医学院医学卫生普及全书编辑委员会@9shang hai di yi yi xue yuan yi xue wei sheng pu ji quan shu bian ji wei yuan hui@4编著 |
| 801 | 0 | @aCN@b上海图书馆@c19970403 |
| 905 | @dR@e76@f1@sR/76@S@Z | |
| 医学卫生普及全书/上海第一医学院医学卫生普及全书编辑委员会编著.-上海:上海科学技术出版社,1959 |
| 1533,38页:图表;19cm |
| ISBN :CNY4.90 |
| ● |
| 相关链接 |
|
|
|
正题名:医学卫生普及全书
索取号:R/76
 
预约/预借
| 序号 | 登录号 | 条形码 | 馆藏地/架位号 | 状态 | 备注 |
| 1 | 2000032908 | 2000032908 | 特藏书库/藏009架B面1层4列/ [索取号:R/76] | 在馆 |